Historical atlas of East Central Europe

Bibliographic Details
Main Author: Magocsi, Paul Robert, 1945- (Author)
Format: Book
Language:English
PhysicalDescription:xiii, 218 s. 30 cm
Published: Toronto University of Toronto Press 1995
ISBN:0802077897
Subjects:

MARC

LEADER 00000nam a2200000 a 4500
001 vtls001219153
003 SK-MaSNL
005 20260301194808.0
008 240318s1995 US b 0 eng
020 |a 0802077897  |c [400,00] 
035 |a SNK000163167 
040 |a SNK  |b slo  |c SNK  |e AACR2 
043 |a ee 
043 |a ec 
044 |a US 
080 |a 94-11(084.4)  |2 1981 
080 |a 94-191.2(084.4)  |2 1981 
100 1 |a Magocsi, Paul Robert,  |d 1945-  |4 aut  |9 107071 
245 1 0 |a Historical atlas of East Central Europe  |c Paul Robert Magocsi ; cartopraphic desing by Geoffrey J. Matthews 
260 |a Toronto  |b University of Toronto Press  |c 1995 
300 |a xiii, 218 s.  |c 30 cm 
650 0 7 |a historické atlasy  |2 SNK  |9 70423 
651 7 |a Európa východná  |2 SNK 
651 7 |a Európa stredná  |2 SNK  |9 23970 
919 |a 0-8020-7789-7 
999 |c 883172  |d 885102 
952 |t P60, <04>, [BOOK], {604}  |a SNK  |b SNK  |y VYP  |7 0  |p 17A0008001  |o snkIB 69589  |i snkV 1379/96  |0 0  |1 0  |4 0  |d 1996-08-06  |l 0  |r 2005-01-01 00:00:00  |w 2026-02-24